000 00691nam a2200205Ia 4500
005 20260121110210.0
008 008 260114s9999 xx 000 0 hin d
020 _a9788132367116
037 _aEBOOK
040 _aCRL
_bhin
_cCRL
041 _ahin
_2hin
084 _qCRL
100 _aअनुश्री भारद्वाज / Anushree Bhardwaj
_9943237
245 0 _aशिक्षक, शिक्षण और तकनीकी / Shikshak, Shikshan Aur Takneek
260 _bभाषा प्रकाशन / Bhasha Prakashan
_c2021
856 _uhttps://bhashaprakashan.com/product-details/379568
942 _cEBOOK
999 _c1534902
_d1534902